[Event "Landesliga Nord 1213 U20"]
[Site "Bayern"]
[Date "2012.10.20"]
[Round "1.2"]
[White "Lieb, Fabian"]
[Black "Theiss, Karsten"]
[Result "0-1"]
[WhiteElo "1732"]
[BlackElo "1904"]
[PlyCount "120"]
[EventDate "2012.10.20"]
[EventType "team-tourn"]
[EventRounds "7"]
[EventCountry "GER"]
[SourceTitle "EXT 2020"]
[Source "ChessBase"]
[SourceDate "2019.10.17"]
[SourceVersion "1"]
[SourceVersionDate "2019.10.17"]
[SourceQuality "1"]
[WhiteTeam "Windheim U20"]
[BlackTeam "Hoechstadt SC U20"]
[WhiteTeamCountry "GER"]
[BlackTeamCountry "GER"]

1. e4 c5 2. Nf3 g6 3. d4 cxd4 4. Nxd4 Bg7 5. Nc3 Nc6 6. Be3 a6 7. Qd2 Nf6 8. f3 d5 9. 0-0-0 dxe4 10. Nxc6 Qxd2+ 11. Rxd2 bxc6 12. Nxe4 Nxe4 13. fxe4 Rb8 14. c3 Be6 15. Bd4 0-0 16. Bxg7 Kxg7 17. b3 Rb6 18. Be2 Rfb8 19. Rb2 a5 20. Kd2 a4 21. Ke3 c5 22. Rhb1 axb3 23. axb3 Rxb3 24. Rxb3 Rxb3 25. Rxb3 Bxb3 26. Kf4 Kf6 27. h4 h6 28. g3 g5+ 29. hxg5+ hxg5+ 30. Ke3 Ke5 31. Bb5 Bc2 32. Bc6 e6 33. Bb7 f5 34. exf5 exf5 35. Bc6 Be4 36. Bb5 f4+ 37. gxf4+ gxf4+ 38. Kf2 Kd5 39. Be2 Kc6 40. Bf1 Kb6 41. Ke2 Kb5 42. Kd2+ Ka4 43. Bc4 Ka3 44. Be6 Kb2 45. Bf7 Bg2 46. c4 Kb3 47. Ke2 Kb4 48. Kf2 Kc3 49. Ke2 Be4 50. Kf2 Kd4 51. Ke2 Bd3+ 52. Kf3 Bxc4 53. Bg6 Ke5 54. Kf2 Bd5 55. Bc2 Kd4 56. Ke2 c4 57. Bf5 Be4 58. Be6 c3 59. Kd1 Ke3 60. Bg4 Bf3+ 0-1